01690cam a2200361 i 450000100090000000300050000900500170001400800410003101000170007202000180008902500230010703700530013004000230018304200150020604300210022105000270024208200200026910000420028924500620033126400380039330000880043133600260051933700280054533800270057350502910060065100430089165100560093490600450099094200120103599900190104795201340106695201280120019456485NUST20221117133450.0170118s2016 pk af b 000 0 eng  a 2017336003 a9789692316903 aP-E-2017336003; 33 bLibrary of Congress -- Islamabad Overseas Office aDLCbengcDLCerda alcodeapcc aa-bg---aa-pk---00aDS395.5b.A336245 2016 a974.889609, AHM1 aAhmad, Junaid,d1953-eauthor.92935910aCreation of Bangladesh :bmyths exploded /cJunaid Ahmad. 1aKarachi :bAJA Publishers,c2016. a1 volume (various pagings), 46 unnumbered pages of plates :billustrations ;c24 cm atextbtxt2rdacontent aunmediatedbn2rdamedia avolumebnc2rdacarrier aCreation of Bangladesh Amid Myths and Fables (Page-1), Creation of Pakistan (Page-17), The Dismemberment Starts (Page-57), India;s Machinations (Page-95), The 1971 Insurgency (Page-139), Mukti Bahini - Its True Face (Page-183), Post Dismemberment (Page-223), way Forward (Page-267).  0aBangladeshxHistoryyRevolution, 1971. 0aPakistanxPolitics and governmenty1971-1988.96629 a7bcbccorigoded3encipf20gy-gencatlg 2ddccBK c592356d592356 00102ddc4070aMCSbMCScGENd2022-11-17o974.889609,AHMpMCS38318r2022-11-17w2022-11-17yBKzAlmirah Fresh No.45, Shelf No.6 00102ddc4070aMCSbMCScGENd2022-11-17o974.889609,AHMpMCS37984r2022-11-17w2022-11-17yBKzAlmirah No.62, Shelf No.6